|
|
|
|
| LEADER |
00000nam2a2200000 4500 |
| 001 |
125110 |
| 005 |
20231031131227.0 |
| 035 |
|
|
|a (RuTPU)RU\TPU\book\135385
|
| 090 |
|
|
|a 125110
|
| 100 |
|
|
|a 20071109d1970 k y0rusy50 ca
|
| 101 |
0 |
|
|a rus
|
| 102 |
|
|
|a RU
|
| 105 |
|
|
|a a z 101zy
|
| 200 |
0 |
|
|a Вып. 3: Геохимия подземных вод
|
| 210 |
|
|
|d 1970
|
| 215 |
|
|
|a 200 с.
|c ил.
|
| 320 |
|
|
|a Библиогр. в конце докл.
|
| 461 |
|
1 |
|0 (RuTPU)RU\TPU\book\135482
|t Труды научно-технического совещания по гидрогеологии и инженерной геологии
|o в 6 вып.
|f Всесоюзный научно-исследовательский институт гидрогеологии и инженерной геологии; Московский государственный университет (МГУ); Московский геологоразведочный институт; под ред. А. М. Овчинникова
|v Вып. 3: Геохимия подземных вод
|d 1970
|
| 610 |
1 |
|
|a геохимия
|
| 610 |
1 |
|
|a воды подземные
|
| 610 |
1 |
|
|a совещания
|
| 610 |
1 |
|
|a гидрогеология
|
| 610 |
1 |
|
|a инженерная геология
|
| 610 |
1 |
|
|a артезианские бассейны
|
| 610 |
1 |
|
|a труды учёных ТПУ
|
| 675 |
|
|
|a 551.49(063)
|v 3
|
| 675 |
|
|
|a 624.13:55(063)
|v 3
|
| 801 |
|
1 |
|a RU
|b 63413507
|c 20071109
|g PSBO
|
| 801 |
|
2 |
|a RU
|b 63413507
|c 20150302
|g PSBO
|
| 942 |
|
|
|c BK
|